000 00590nam a2200229Ia 4500
003 OSt
005 20230616162321.0
008 210423s2012 xx 000 0 und d
020 _a9780070146174
040 _cAL
041 _aeng
082 _a530.12 MATP
_223
100 _aMATHEWS (P M);VENKATESAN (K).
_997950
245 _aTextbook of quantum mechanics.
250 _a2
260 _aNew Delhi
_bTata McGraw-hill
_c2012
300 _axvi,467
_bPB
365 _b360
_cINR
650 _aQuantum Mechanics
_997951
906 _amechanics. ; quantum ; Textbook
942 _2ddc
_cBK
999 _c162104
_d162104